| 000 | 00958nam a2200313 a 4500 | ||
|---|---|---|---|
| 001 | 000046875 | ||
| 003 | DO-SdBPM | ||
| 005 | 20250811123853.0 | ||
| 007 | ta | ||
| 008 | 180404s2016 dr 000 j spa d | ||
| 020 | _a9789945588767 | ||
| 040 |
_aDO-SdBPM _bspa _cBPMSU _drda |
||
| 082 | 4 |
_aRD863.5 _bS237o 2016 _222 |
|
| 100 | 1 |
_aSantos, Luis R., _d1958- _q (Luis Rhadamés), _eautor |
|
| 110 | _a | ||
| 245 | 1 | 4 |
_aLos oficios del placer / _cLuis R. Santos. |
| 264 |
_aSanto Domingo : _bFerilibro, _c2016. |
||
| 300 |
_a281 páginas ; _c24 cm. |
||
| 336 |
_atexto _btxt _2rdacontent |
||
| 337 |
_asin mediación _bn _2rdamedia |
||
| 338 |
_avolumen _bnc _2rdacarrier |
||
| 500 | _aIncluye datos biográficos del autor en las solapas | ||
| 590 | _aInventariado, 2025/ VM | ||
| 650 | 7 | _aNovela dominicana | |
| 650 | 7 | _aLiteratura dominicana | |
| 650 | z | _aDominican fictions | |
| 910 | _aVMateo V. Control de calidad BPMSU | ||
| 942 |
_2ddc _cBK |
||
| 999 |
_c15308 _d15308 |
||